Most Common Words in Bird Names - Statistics

General Stats
  • This quiz has been taken 126 times
  • The average score is 8 of 30
Answer Stats
Appearances Word % Correct
84 Blue
95%
135 Black
89%
92 Green
69%
87 Grey
68%
68 Brown
58%
62 Great
52%
73 Common
39%
73 Western
33%
60 Eastern
32%
75 Northern
32%
61 Southern
32%
65 Spotted
31%
64 Wood
30%
68 Lesser
29%
45 Greater
28%
65 Crested
22%
67 Little
20%
76 African
17%
92 Mountain
13%
51 New
10%
46 Pied
9%
43 Collared
8%
69 Bush
5%
50 Long-tailed
4%
45 Rufous
3%
67 White-throated
3%
43 Black-headed
2%
46 Black-throated
2%
50 White-bellied
1%
48 White-browed
1%
No matching quizzes found
Score Distribution
Percent of People with Each Score
Percentile by Number Answered
Your Score History
You have not taken this quiz